000 00265nam a22001217a 4500
008 180206b xxu||||| |||| 00| 0 eng d
041 _aeng
080 _a33
100 _a59
101 _abis
245 _alegal environment business
_cswim.k.d
942 _2udc
_cBK
999 _c41920
_d41920